MARC

LEADER 00000nam0a2200000 4500
001 291694
005 20231102000420.0
035 |a (RuTPU)RU\TPU\book\316273 
090 |a 291694 
100 |a 20150416d1983 k y0rusy50 ca 
101 0 |a rus 
102 |a RU 
105 |a a z 001zy 
200 1 |a Автоматизация электромеханических систем  |e межвузовский сборник научных трудов  |f Новосибирский электротехнический институт (НЭТИ) ; под ред. Г. П. Лыщинского 
210 |a Новосибирск  |c Изд-во НЭТИ  |d 1983 
215 |a 156 с.  |c ил. 
320 |a Библиография в конце статей 
606 1 |a Электроприводы  |x Автоматизация  |2 stltpush  |3 (RuTPU)RU\TPU\subj\20690  |9 45776 
610 1 |a электромеханические системы 
610 1 |a разработка 
610 1 |a применение 
610 1 |a упругие связи 
610 1 |a приводы постоянного тока 
610 1 |a асинхронный электропривод 
610 1 |a автономные приводы 
610 1 |a вибросейсмоисточники 
675 |a 62-83-52  |v 3 
702 1 |a Лыщинский  |b Г. П.  |4 340 
712 0 2 |a Новосибирский электротехнический институт (НЭТИ)  |c (1950-1992)  |2 stltpush  |3 (RuTPU)RU\TPU\col\203 
801 1 |a RU  |b 63413507  |c 20150416 
801 2 |a RU  |b 63413507  |c 20181017  |g RCR 
942 |c BK